<?xml version="1.0" encoding="UTF-8"?>
<marc:record xmlns:marc="http://www.loc.gov/MARC21/slim">
   <marc:leader>00000nam a2200000 a 4500</marc:leader>
   <marc:datafield ind1="1" ind2=" " tag="100">
      <marc:subfield code="a">Carle, Eric</marc:subfield>
      <marc:subfield code="4">aut</marc:subfield>
      <marc:subfield code="e">Verfasser/-in</marc:subfield>
   </marc:datafield>
   <marc:datafield ind1="0" ind2="0" tag="245">
      <marc:subfield code="a">Schlaf gut! Die kleine Raupe Nimmersatt</marc:subfield>
   </marc:datafield>
   <marc:datafield ind1=" " ind2="1" tag="264">
      <marc:subfield code="b">Gerstenberg</marc:subfield>
      <marc:subfield code="c">2019</marc:subfield>
   </marc:datafield>
   <marc:datafield ind1="1" ind2=" " tag="490">
      <marc:subfield code="a">Die Welt von Eric Carle</marc:subfield>
   </marc:datafield>
   <marc:datafield ind1="1" ind2=" " tag="520">
      <marc:subfield code="a">Der Tag ist vorüber und es ist Zeit für die Tiere, schlafen zu gehen. Wer hat wohl gut versteckt im Schilf sein Bett? Und wer kann geschützt im Stall die Nacht verbringen? Hier scheinen gleich fünf unter einem Dach zu schlafen. Und wo hat die kleine Raupe Nimmersatt ihren Platz gefunden? Wer genug geraten hat, kann hinter den Klappen die Tiere entdecken und ihnen eine gute Nacht wünschen, bevor es dann auch für die Leser Zeit wird, einzuschlafen. Der gereimte Text lädt besonders zum Vorlesen ein und lässt kleine Raupenfans zur Ruhe kommen.</marc:subfield>
   </marc:datafield>
   <marc:datafield ind1=" " ind2=" " tag="020">
      <marc:subfield code="a">9783836960267</marc:subfield>
      <marc:subfield code="9">9783836960267</marc:subfield>
   </marc:datafield>
   <marc:datafield ind1=" " ind2=" " tag="300">
      <marc:subfield code="e">und weitere Geschichten</marc:subfield>
   </marc:datafield>
</marc:record>
